Practical English usage / (Record no. 351741)
[ view plain ]
| 000 -LEADER | |
|---|---|
| fixed length control field | 00872cam a2200301 i 4500 |
| 001 - CONTROL NUMBER | |
| control field | 89555 |
| 003 - CONTROL NUMBER IDENTIFIER | |
| control field | OSt |
| 005 - DATE AND TIME OF LATEST TRANSACTION | |
| control field | 20180116183054.0 |
| 008 - FIXED-LENGTH DATA ELEMENTS--GENERAL INFORMATION | |
| fixed length control field | 820720s1980 enk 001 0 eng d |
| 020 ## - INTERNATIONAL STANDARD BOOK NUMBER | |
| International Standard Book Number | 0194420965 |
| 035 ## - SYSTEM CONTROL NUMBER | |
| System control number | (OCoLC)508443966 |
| 035 ## - SYSTEM CONTROL NUMBER | |
| System control number | (OCoLC)ocn508443966 |
| 035 ## - SYSTEM CONTROL NUMBER | |
| System control number | (CStRLIN)NYCG82-B32156 |
| 035 ## - SYSTEM CONTROL NUMBER | |
| System control number | (NNC)89555 |
| 040 ## - CATALOGING SOURCE | |
| Transcribing agency | 0 |
| 082 ## - DEWEY DECIMAL CLASSIFICATION NUMBER | |
| Classification number | 428.24 SWA 2005 |
| 100 1# - MAIN ENTRY--PERSONAL NAME | |
| Personal name | Swan, Michael. |
| 245 10 - TITLE STATEMENT | |
| Title | Practical English usage / |
| Statement of responsibility, etc. | Michael Swan. |
| Remainder of title | New International Students's Edition |
| 250 ## - EDITION STATEMENT | |
| Edition statement | 3rd ed. |
| 260 ## - PUBLICATION, DISTRIBUTION, ETC. | |
| Place of publication, distribution, etc. | China |
| Name of publisher, distributor, etc. | Oxford University Press, |
| Date of publication, distribution, etc. | 2005 |
| Date of manufacture | 2005 |
| 300 ## - PHYSICAL DESCRIPTION | |
| Extent | 653 p. ; |
| Dimensions | 22 cm. |
| Other physical details | PB. |
| 440 ## - SERIES STATEMENT/ADDED ENTRY--TITLE | |
| Title | Practical English usage / New International Students's Edition |
| 500 ## - GENERAL NOTE | |
| General note | Includes index. |
| 650 #0 - SUBJECT ADDED ENTRY--TOPICAL TERM | |
| Topical term or geographic name entry element | English language |
| General subdivision | Usage. |
| 650 #0 - SUBJECT ADDED ENTRY--TOPICAL TERM | |
| Topical term or geographic name entry element | English language |
| General subdivision | Idioms. |
| 942 ## - ADDED ENTRY ELEMENTS (KOHA) | |
| Source of classification or shelving scheme | |
| Koha item type | Book |
| Withdrawn status | Lost status | Source of classification or shelving scheme | Damaged status | Not for loan | Collection code | Permanent Location | Current Location | Shelving location | Date acquired | Total Checkouts | Total Renewals | Full call number | Barcode | Date last seen | Date last checked out | Price effective from | Koha item type |
|---|---|---|---|---|---|---|---|---|---|---|---|---|---|---|---|---|---|
| NUST Law School (NLS) | NUST Law School (NLS) | General Stacks | 09/02/2016 | 10 | 3 | 428.24 SWA 2005 | NBSD-2757 | 10/14/2021 | 10/15/2019 | 09/02/2016 | Book |
